| 000 | 00351nam a2200133Ia 4500 | ||
|---|---|---|---|
| 008 | 220217s9999||||xx |||||||||||||| ||und|| | ||
| 020 | _a81-297-0683-0 | ||
| 082 | _a005.453 HUN | ||
| 100 | _aHunter, Robin | ||
| 245 | 0 | _aEssence of compilers | |
| 260 |
_aPearson education of asia _bDelhi _c2004 |
||
| 300 | _b150 | ||
| 650 | _aOperating systems | ||
| 999 |
_c173497 _d173497 |
||